| 000 | 00823nam a2200253Ia 4500 | ||
|---|---|---|---|
| 003 | OSt | ||
| 005 | 20220927110456.0 | ||
| 006 | a|||||r|||| 00| 0 | ||
| 007 | ta | ||
| 008 | 220926b |||||||| |||| 00| 0 eng d | ||
| 024 | _a99732 | ||
| 037 | _cReports | ||
| 040 |
_aRTL _cRTL _beng |
||
| 041 |
_2eng _aeng |
||
| 082 | _a"X9(KZ).2s, J8/GD" | ||
| 110 |
_a"India, Food And Agricultural (M/O), Economic and Statistical (Adviser)" _9378653 |
||
| 245 | 0 |
_a"Eight all-India livestock census, 1956 " _b Summary tables |
|
| 260 |
_aDelhi _bManager Of Publication India _c1958 |
||
| 300 |
_a27p _ccm. |
||
| 650 | _aAnimal Husbandry Industry | ||
| 700 |
_a"India, Food And Agricultural (M/O), Economic and Statistical (Adviser)" _9378654 |
||
| 942 |
_h"X9(KZ).2s, J8/GD" _cCC |
||
| 999 |
_c696928 _d696928 |
||